000 00263nam a22001217a 4500
008 171011b xxu||||| |||| 00| 0 eng d
041 _aeng
080 _22ND
_a316
100 _a50
101 _aSOC
245 _aSOCIOLOGICAL THEORY
_cCOSER,L.A
942 _2udc
_cBK
999 _c33074
_d33074